• 首页
  • 本馆介绍
  • 公告通知
  • 最新文献
  • 馆藏检索
  • 电子资源
  • 读者导购
  • 参考咨询
  • 我的图书馆
  • 登录
  • 详细信息显示
  • 放入我的书架
  • 预约/预借图书
  • 作者相关作品
  • 分类相关作品
  • 丛书相关作品
  • 出版社相关作品

书目信息

  • 表格格式
  • 工作单格式
  • 卡片格式
题名:
化学反应理论导论
    
 
作者: 赵新生 编著
分册:  
出版信息: 北京   北京大学出版社  2003
页数: 314页
开本: 20cm
丛书名: 北京大学物理化学丛书
单 册:
中图分类: O643.1
科图分类:
主题词: 反应动力学
电子资源:
ISBN: 7-301-06071-8
000 00636nam2 2200217 45
001 0410261108
005 20041026135329.3
010    @a7-301-06071-8@dCNY20.00
100    @a20041026d2003 km y0chiy0120 ea
101 0  @achi
105    @a z 000yy
200 1  @a化学反应理论导论@AHua Xue Fan Ying Li Lun Dao Lun@f赵新生编著@FZhao Xin Sheng Bian Zhu
210    @a北京@c北京大学出版社@d2003
215    @a314页@d20cm
225    @a北京大学物理化学丛书
410    @12001 @a北京大学物理化学丛书
606 0  @a反应动力学
690    @aO643.1@v4
701  0 @a赵新生@4编著
801    @aCN@bTSTCL@c20041026
905    @b336178-180@dO643.1@e37@f3
    
    化学反应理论导论/赵新生编著.-北京:北京大学出版社,2003
    314页;20cm.-(北京大学物理化学丛书)
    
    
    ISBN 7-301-06071-8:CNY20.00
    
●
相关链接 在E读中查询图书 在五车中查询图书 在当当中查询图书 在豆瓣中查询图书


正题名:化学反应理论导论     索取号:O643.1/37         预约/预借

序号 登录号 条形码 馆藏地/架位号 状态 备注
1 0336178   203361780   第三借阅区/ [索取号:O643.1/37] 在馆    
2 0336179   203361799   第三借阅区/ [索取号:O643.1/37] 在馆    
3 0336180   203361806   第二样本阅览室/ [索取号:O643.1/37] 在馆    
唐山师范学院图书馆 欢迎您!
大连网信软件有限公司© 版权所有